000 00691c a2200229 04500
001 45089
090 _a45089
100 _a19831101d1983 a y0pory5003 ba
101 1 _apor
102 _aPT
200 1 _aAs pregacões de Jesus
_fredaccão e coord. de Meryl e Malcolm Doney
_gtrad. João Maia
_gil. Francis Phillips
210 9 _aLisboa
_cVerbo,
_dimp. 1983
215 _a45 p.
_cmuito il.
_d29 cm
225 2 _aA Bíblia contada às crianças
_v2
675 _a087.5
_vBN
_zpor
675 _a27-23(0.053.2)
_vBN
_zpor
700 1 _aDoney,
_bMeryl
701 1 _aDoney,
_bMalcolm
_4070
702 1 _aMaia,
_bJoão,
_f1923-1999,
_4730
702 1 _aPhillips,
_bFrancis
_4440
801 0 _aPT
_bBN
_gRPC
990 _cLIVROS